წერილები ლიტერატურაზე, პუბლიცისტური წერილები (Record no. 1649)

000 -LEADER
fixed length control field 00799nam a22001937a 4500
003 - CONTROL NUMBER IDENTIFIER
control field OSt
005 - DATE AND TIME OF LATEST TRANSACTION
control field 20210222105343.0
008 - FIXED-LENGTH DATA ELEMENTS--GENERAL INFORMATION
fixed length control field 210222s1987 ||||| |||| 00| 0 geo d
040 ## - CATALOGING SOURCE
Original cataloging agency eng
Language of cataloging eng
Transcribing agency DLC
041 ## - LANGUAGE CODE
Language code of text/sound track or separate title geo
080 ## - UNIVERSAL DECIMAL CLASSIFICATION NUMBER
Universal Decimal Classification number 821.353.1
Item number ჭ-15
100 ## - MAIN ENTRY--PERSONAL NAME
9 (RLIN) 1064
Personal name ჭავჭავაძე ილია / Chavchavadze, Ilia
245 ## - TITLE STATEMENT
Title წერილები ლიტერატურაზე, პუბლიცისტური წერილები
Remainder of title : Letters about the Literature, Public Letters
Statement of responsibility, etc. / by: ნაკადული / Nakaduli
260 ## - PUBLICATION, DISTRIBUTION, ETC.
Place of publication, distribution, etc. თბილისი / Tbilisi
Name of publisher, distributor, etc. ნაკადული / Nakaduli
Date of publication, distribution, etc. 1987
300 ## - PHYSICAL DESCRIPTION
Extent 176 p.
650 #0 - SUBJECT ADDED ENTRY--TOPICAL TERM
9 (RLIN) 942
Topical term or geographic name entry element Georgian Literature
653 ## - INDEX TERM--UNCONTROLLED
Uncontrolled term ქართული ლიტერატურა
942 ## - ADDED ENTRY ELEMENTS (KOHA)
Source of classification or shelving scheme
Koha item type Books
Holdings
Withdrawn status Lost status Source of classification or shelving scheme Damaged status Not for loan Permanent location Current location Date acquired Inventory number Total Checkouts Full call number Barcode Date last seen Price effective from Koha item type
          Ken Walker International University Ken Walker International University 02/22/2021 1419   821.353.1 ჭ-15 1419 02/22/2021 02/22/2021 Books

Powered by Koha